Historie a současnost podnikání v Praze /

Hlavní autor: Láník, Jaroslav, 1957-
Další autoři: Mandelík, Richard, 1953-, Veverka, Přemysl, 1940-2016
Jazyk: Čeština
Vydáno: Žehušice : Městské knihy, 2003-2006
Vydání: 1. vyd.
Edice: Historie a současnost podnikání v regionech ČR
Témata:
Externí odkaz: Digitalizovaný dokument
Fyzický popis: 5 sv. : il. (některé barev.), mapy, portréty, faksim. ; 22 cm
Odebírané svazky: 1-5
Knihy
Uloženo v:
LEADER 03353nam a22007692aa4500
001 001888758
003 CZ BrMZK
005 20251110080735.0
007 ta
008 240310m20032006xr er|||||||||||cze d
015 |a cnb001289652 
020 |a 80-86699-07-2  |q (sv. 1 ;  |q váz.) 
020 |a 80-86699-15-3  |q (sv. 2 ;  |q váz.) 
020 |a 80-86699-21-8  |q (sv. 3 ;  |q váz.) 
020 |a 80-86699-32-3  |q (sv. 4 ;  |q váz.) 
020 |a 80-86699-44-7  |q (sv. 5 ;  |q váz.) 
035 |a (OCoLC)53860709 
040 |a ABA001  |b cze  |d OLA001 
043 |a e-xr---  |b e-xr-pg  |2 czenas 
072 7 |a 338.3/.4  |x Hospodářská a výrobní odvětví  |2 Konspekt  |9 4 
080 |a 334.72  |2 MRF 
080 |a 658.114  |2 MRF 
080 |a 336.71/.73  |2 MRF 
080 |a 338.45  |2 MRF 
080 |a 338.45(091)  |2 MRF 
080 |a 656  |2 MRF 
080 |a 656(091)  |2 MRF 
080 |a 316.7  |2 MRF 
080 |a (437.311)  |2 MRF 
080 |a (048.8)  |2 MRF 
100 1 |a Láník, Jaroslav,  |d 1957-  |7 jn20000401673  |4 aut 
245 1 0 |a Historie a současnost podnikání v Praze /  |c [historickou část zpracoval Jaroslav Láník] 
250 |a 1. vyd. 
260 |a Žehušice :  |b Městské knihy,  |c 2003-2006 
300 |a 5 sv. :  |b il. (některé barev.), mapy, portréty, faksim. ;  |c 22 cm 
490 1 |a Historie a současnost podnikání 
500 |a Autorská spolupráce: Richard Mandelík, Přemysl Veverka ... et al. 
505 1 |a díl první. 2003. 303 s. -- díl druhý. 2003. 223 s. -- díl třetí. 2004. 335 s. -- díl čtvrtý. 2005. 367 s. Obsahuje rejstřík -- díl pátý. 2006. 339 s. 
650 0 7 |a podniky  |7 ph115764  |z Česko  |2 czenas 
650 0 7 |a podnikání  |7 ph115766  |z Česko  |2 czenas 
650 0 7 |a dějiny podnikání  |7 ph506473  |2 czenas 
650 0 7 |a peněžnictví  |7 ph115710  |z Česko  |2 czenas 
650 0 7 |a peněžnictví  |7 ph115710  |x dějiny  |2 czenas 
650 0 7 |a průmysl  |7 ph115920  |z Česko  |2 czenas 
650 0 7 |a dějiny průmyslu  |7 ph488969  |z Česko  |2 czenas 
650 0 7 |a doprava  |7 ph114347  |z Česko  |2 czenas 
650 0 7 |a dějiny dopravy  |7 ph488962  |z Česko  |2 czenas 
650 0 7 |a kultura  |7 ph122009  |z Česko  |2 czenas 
651 7 |a Praha (Česko)  |7 ge118011  |2 czenas 
655 7 |a monografie  |7 fd132842  |2 czenas 
700 1 |a Mandelík, Richard,  |d 1953-  |7 mzk2005317885  |4 aut 
700 1 |a Veverka, Přemysl,  |d 1940-2016  |7 jk01142275  |4 aut 
830 0 |a Historie a současnost podnikání v regionech ČR  |0 s 
856 4 1 |u https://www.digitalniknihovna.cz/mzk/periodical/uuid:725f149d-5f92-4298-bafe-72fb107ecf8e  |y Digitalizovaný dokument  |x NDK 
910 |a BOA001  |b 2-1123.003  |s 1-5 
920 |a 000686184 
920 |a 000709660 
920 |a 000741425 
920 |a 000805993 
920 |a 000834031 
990 |a BK 
991 |b 202403 
996 6 |b 2610198633  |c 2-1123.003  |d 1.  |v 1  |l MZK  |r Sklad / do 1 hodiny  |n 2  |p p.v.  |w 001956999  |u 000020  |a 1  |e BOA001  |j MZK50  |s P 
996 6 |b 2610216530  |c 2-1123.003  |d 2.  |v 2  |l MZK  |r Sklad / do 1 hodiny  |n 2  |p p.v.  |w 001956999  |u 000030  |a 1  |e BOA001  |j MZK50  |s P 
996 6 |b 2610230555  |c 2-1123.003  |d 3.  |v 3  |l MZK  |r Sklad / do 1 hodiny  |n 2  |p p.v.  |w 001956999  |u 000040  |a 1  |e BOA001  |j MZK50  |s P 
996 6 |b 2610270356  |c 2-1123.003  |d 4.  |v 4  |l MZK  |r Sklad / do 1 hodiny  |n 2  |p p.v.  |w 001956999  |u 000050  |a 1  |e BOA001  |j MZK50  |s P 
996 6 |b 2610297805  |c 2-1123.003  |d 5.  |v 5  |l MZK  |r Sklad / do 1 hodiny  |n 2  |p p.v.  |w 001956999  |u 000060  |a 1  |e BOA001  |j MZK50  |s P